|
|
|
|
| LEADER |
00000nab a2200000 a 4500 |
| 001 |
vtls010097103 |
| 003 |
SK-MaSNL |
| 005 |
20260304183806.0 |
| 008 |
250708c2010 xo |||||||||||000 b|slo |
| 015 |
|
|
|a SNBRB2010/05
|2 snkbucl
|
| 035 |
|
|
|a urn:nbn:sk:snk-ab83vk
|
| 035 |
|
|
|a (urnnbn)urn:nbn:sk:snk:ar-00682s
|
| 035 |
|
|
|a (uuid)8f08dd48-d73c-4a8a-84f3-60bde744e171
|
| 038 |
|
|
|a SNKBUCL
|
| 040 |
|
|
|a SNKBUCL
|b slo
|c SNKBUCL
|e AACR2
|
| 041 |
0 |
|
|a slo
|
| 044 |
|
|
|a xo
|c SK
|
| 080 |
|
|
|a 502.171:574.4(252.6):355.525
|x (437.6)
|2 2001
|
| 080 |
|
|
|a 574
|x (252.6)
|2 2001
|
| 080 |
|
|
|a 355.525
|2 2001
|
| 080 |
|
|
|a 556.56
|2 2001
|
| 100 |
1 |
|
|a Farkašová, Michaela
|4 aut
|9 320176
|
| 245 |
1 |
0 |
|a Ochrana prírody vo vojenských obvodoch
|n (2)
|c Michaela Farkašová
|
| 610 |
2 |
7 |
|a Obnova mokradí Záhorskej nížiny (projekt)
|2 snkbucl
|9 597768
|
| 650 |
0 |
7 |
|a vojenské obvody
|2 snkbucl
|9 1475416
|
| 650 |
0 |
7 |
|a vojenské výcvikové priestory
|2 snkbucl
|9 25431
|
| 650 |
0 |
7 |
|a mokrade
|2 snkbucl
|9 17500
|
| 650 |
0 |
7 |
|a ochrana mokradí
|2 snkbucl
|9 73617
|
| 651 |
|
7 |
|a Záhorská nížina (Slovensko)
|2 snkbucl
|9 23057
|
| 773 |
0 |
|
|t Obrana
|g Roč. 18, č. 1 (2010), s. [16]
|x 1336-2910
|
| 850 |
|
|
|a Slovenská národná knižnica
|
| 852 |
|
|
|a Slovenská národná knižnica
|
| 954 |
|
|
|a odborná, vedecká literatúra pôvodná (slovenská)
|2 lita
|
| 958 |
|
|
|a article9
|
| 958 |
|
|
|a OND
|
| 958 |
|
|
|a SK
|
| 958 |
|
|
|a EUIPO
|
| 999 |
|
|
|c 3035839
|d 3037769
|